| 000 | 01099cam a22002774a 4500 | ||
|---|---|---|---|
| 005 | 20260322212057.0 | ||
| 008 | data | ||
| 010 | _a 2007907743 | ||
| 020 | _a1569756414 (pbk.) | ||
| 020 | _a9781569756416 (pbk.) | ||
| 040 |
_aDLC _cDLC _dDLC |
||
| 050 | 0 | 0 |
_aNC825.D72 _bS83 2008 |
| 082 | 0 | 0 |
_a743/.87 _222 |
| 092 | _a743 S83 2008 | ||
| 100 | 1 | _aStaple, Sandra. | |
| 245 | 1 | 0 |
_aDrawing dragons : _blearn how to create fantastic fire-breathing dragons / _cSandra Staple. |
| 260 |
_aBerkeley, CA : _bUlysses Press, _cc2008. |
||
| 300 |
_ax, 150 p., [8] p. of col. plates : _bill. (some col.) ; _c24 cm. |
||
| 520 | _a"In easy-to-follow, step-by-step detail, Drawing Dragons teaches you all the tricks and tecniques you'll need to creat your own amazing dragons"-- P. 4 of cover. | ||
| 650 | 0 |
_aDrawing _xTechnique _vJuvenile literature |
|
| 650 | 0 |
_aDragons in art _vJuvenile literature. |
|
| 906 |
_a7 _bcbc _corignew _d2 _encip _f20 _gy-gencatlg |
||
| 925 | 0 |
_aacquire _b2 shelf copies _xpolicy default |
|
| 001 | data | ||
| 999 |
_c1369 _d1369 |
||